[Event "14th Vandoeuvre Open 2018"]
[Site "?"]
[Date "2018.01.03"]
[Round "4"]
[White "Randrianaina, Merlin"]
[Black "Rittie, Daniel"]
[Result "0-1"]
[WhiteElo "1770"]
[BlackElo "1944"]
[PlyCount "164"]
[EventDate "2018.??.??"]
[EventType "swiss"]
[EventCountry "FRA"]
[SourceTitle "Vandoeuvre"]
[TimeControl "5400+30"]
[WhiteClock "0:04:20"]
[BlackClock "0:00:32"]

1. c4 {[%emt 0:00:00]} c5 {[%emt 0:00:07]} 2. g3 {[%emt 0:00:00]} g6 {[%emt 0:00:31]} 3. Bg2 {[%emt 0:00:00]} Bg7 {[%emt 0:00:06]} 4. Nc3 {[%emt 0:00:37]} Nc6 {[%emt 0:00:34]} 5. e4 {[%emt 0:03:41]} d6 {[%emt 0:02:47]} 6. Nge2 {[%emt 0:04:04]} Nf6 {[%emt 0:07:05]} 7. O-O {[%emt 0:07:41]} O-O {[%emt 0:00:08]} 8. d4 {[%emt 0:12:06]} cxd4 {[%emt 0:00:53]} 9. Nxd4 {[%emt 0:02:56]} Nxd4 {[%emt 0:06:07]} 10. Qxd4 {[%emt 0:00:11]} Be6 {[%emt 0:00:21]} 11. Qd3 {[%emt 0:09:50]} Qc8 {[%emt 0:01:45]} 12. b3 {[%emt 0:11:20]} Bh3 {[%emt 0:01:04]} 13. Bb2 {[%emt 0:02:00]} Bxg2 {[%emt 0:01:18]} 14. Kxg2 {[%emt 0:00:03]} Re8 {[%emt 0:05:06]} 15. Nd5 {[%emt 0:05:36]} Nxd5 {[%emt 0:10:30]} 16. Bxg7 {[%emt 0:01:26]} Nf4+ {[%emt 0:01:28]} 17. gxf4 {[%emt 0:00:12]} Kxg7 {[%emt 0:00:06]} 18. Rad1 {[%emt 0:04:03]} Qg4+ {[%emt 0:03:49]} 19. Qg3 {[%emt 0:00:25]} Qe2 {[%emt 0:00:20]} 20. Qe3 {[%emt 0:12:15]} Qxe3 {[%emt 0:19:18]} 21. fxe3 {[%emt 0:00:04]} a6 {[%emt 0:02:09]} 22. Rd5 {[%emt 0:02:31]} Rec8 {[%emt 0:01:51]} 23. Rfd1 {[%emt 0:02:22]} Rc7 {[%emt 0:00:44]} 24. e5 {[%emt 0:06:58]} dxe5 {[%emt 0:01:19]} 25. Rxe5 {[%emt 0:02:05]} e6 {[%emt 0:00:09]} 26. Rd6 {[%emt 0:02:02]} h6 {[%emt 0:10:14]} 27. c5 {[%emt 0:03:54]} Kf6 {[%emt 0:05:20]} 28. b4 {[%emt 0:01:24]} a5 {[%emt 0:00:50]} 29. a3 {[%emt 0:03:46]} axb4 {[%emt 0:00:21]} 30. axb4 {[%emt 0:00:04]} Ra4 {[%emt 0:03:42]} 31. Rb6 {[%emt 0:00:20]} g5 {[%emt 0:00:19]} 32. Kf3 {[%emt 0:01:32]} Ra3 {[%emt 0:03:04]} 33. Re4 {[%emt 0:00:28]} Rd7 {[%emt 0:00:15]} 34. b5 {[%emt 0:00:33]} Rc3 {[%emt 0:00:38]} 35. fxg5+ {[%emt 0:00:14]} hxg5 {[%emt 0:00:11]} 36. c6 {[%emt 0:00:45]} bxc6 {[%emt 0:00:20]} 37. bxc6 {[%emt 0:00:22]} Rc7 {[%emt 0:00:15]} 38. h4 {[%emt 0:00:35]} gxh4 {[%emt 0:02:05]} 39. Rxh4 {[%emt 0:00:28]} R3xc6 {[%emt 0:00:33]} 40. Rbb4 {[%emt 0:00:29]} Rc5 {[%emt 0:01:40]} 41. Rbf4+ {[%emt 0:00:35]} Rf5 {[%emt 0:00:44]} 42. Rxf5+ {[%emt 0:00:31]} Kxf5 {[%emt 0:00:09]} 43. Rf4+ {[%emt 0:00:23]} Ke5 {[%emt 0:00:41]} 44. Re4+ {[%emt 0:00:18]} Kf6 {[%emt 0:00:28]} 45. Rh4 {[%emt 0:00:45]} Rc5 {[%emt 0:00:22]} 46. e4 {[%emt 0:00:31]} Kg6 {[%emt 0:03:43]} 47. Kf4 {[%emt 0:00:34]} e5+ {[%emt 0:04:32]} 48. Ke3 {[%emt 0:00:29]} Rc3+ {[%emt 0:00:40]} 49. Kd2 {[%emt 0:00:19]} Rf3 {[%emt 0:00:31]} 50. Rg4+ {[%emt 0:00:41]} Kf6 {[%emt 0:01:19]} 51. Rg8 {[%emt 0:00:31]} Ke7 {[%emt 0:00:24]} 52. Ke2 {[%emt 0:00:10]} Ra3 {[%emt 0:00:40]} 53. Rb8 {[%emt 0:00:33]} Kf6 {[%emt 0:01:01]} 54. Rb6+ {[%emt 0:00:34]} Kg5 {[%emt 0:00:22]} 55. Rb7 {[%emt 0:00:38]} f6 {[%emt 0:00:13]} 56. Rb6 {[%emt 0:00:34]} Kf4 {[%emt 0:01:33]} 57. Rxf6+ {[%emt 0:00:28]} Kxe4 {[%emt 0:00:01]} 58. Rh6 {[%emt 0:00:29]} Ra2+ {[%emt 0:00:06]} 59. Ke1 {[%emt 0:00:30]} Kf4 {[%emt 0:00:25]} 60. Rh4+ {[%emt 0:00:27]} Kf3 {[%emt 0:00:28]} 61. Rh3+ {[%emt 0:00:15]} Kg4 {[%emt 0:00:02]} 62. Re3 {[%emt 0:00:52]} Kf4 {[%emt 0:00:02]} 63. Rh3 {[%emt 0:00:26]} e4 {[%emt 0:00:20]} 64. Rh4+ {[%emt 0:00:32]} Kf3 {[%emt 0:00:19]} 65. Rh3+ {[%emt 0:00:31]} Kf4 {[%emt 0:00:21]} 66. Rh4+ {[%emt 0:00:26]} Ke3 {[%emt 0:00:02]} 67. Rh3+ {[%emt 0:00:29]} Kd4 {[%emt 0:00:03]} 68. Rh8 {[%emt 0:00:29]} Rb2 {[%emt 0:00:30]} 69. Rd8+ {[%emt 0:00:30]} Ke3 {[%emt 0:00:14]} 70. Kd1 {[%emt 0:00:37]} Ra2 {[%emt 0:02:05]} 71. Rd7 {[%emt 0:00:28]} Ra1+ {[%emt 0:00:28]} 72. Kc2 {[%emt 0:00:04]} Kf3 {[%emt 0:01:42]} 73. Rf7+ {[%emt 0:00:02]} Ke2 {[%emt 0:00:15]} 74. Rh7 {[%emt 0:01:04]} e3 {[%emt 0:01:19]} 75. Rh2+ {[%emt 0:00:22]} Kf3 {[%emt 0:00:02]} 76. Rh3+ {[%emt 0:00:23]} Kf2 {[%emt 0:00:02]} 77. Rh2+ {[%emt 0:00:57]} Kg3 {[%emt 0:00:02]} 78. Rh8 {[%emt 0:00:30]} e2 {[%emt 0:00:11]} 79. Rg8+ {[%emt 0:00:21]} Kf4 {[%emt 0:00:10]} 80. Rf8+ {[%emt 0:00:37]} Kg5 {[%emt 0:00:08]} 81. Rg8+ {[%emt 0:00:34]} Kf6 {[%emt 0:00:09]} 82. Rf8+ {[%emt 0:00:37]} Ke5 0-1

[Event "14th Vandoeuvre Open 2018"]
[Site "?"]
[Date "2018.01.03"]
[Round "4"]
[White "Roeder, Detlef"]
[Black "Steininger, Denis"]
[Result "0-1"]
[WhiteElo "1737"]
[BlackElo "1957"]
[PlyCount "56"]
[EventDate "2018.??.??"]
[EventType "swiss"]
[EventCountry "FRA"]
[SourceTitle "Vandoeuvre"]
[TimeControl "5400+30"]
[WhiteClock "1:30:56"]
[BlackClock "0:37:14"]

1. e4 {[%emt 0:00:01]} c5 {[%emt 0:00:00]} 2. Nc3 {[%emt 0:00:50]} Nc6 {[%emt 0:00:00]} 3. Bb5 {[%emt 0:02:12]} g6 {[%emt 0:00:00]} 4. f4 {[%emt 0:02:22]} Bg7 {[%emt 0:00:08]} 5. Nf3 {[%emt 0:01:07]} d6 {[%emt 0:00:06]} 6. O-O {[%emt 0:01:12]} Bd7 {[%emt 0:00:27]} 7. Bxc6 {[%emt 0:00:35]} Bxc6 {[%emt 0:00:20]} 8. d3 {[%emt 0:00:34]} b5 {[%emt 0:00:09]} 9. Ne2 {[%emt 0:07:18]} e6 {[%emt 0:00:34]} 10. c3 {[%emt 0:01:31]} Ne7 {[%emt 0:00:18]} 11. Qe1 {[%emt 0:00:42]} f5 {[%emt 0:00:09]} 12. Ng3 {[%emt 0:00:45]} Qd7 {[%emt 0:00:23]} 13. exf5 {[%emt 0:08:45]} exf5 {[%emt 0:00:25]} 14. Rf2 {[%emt 0:03:40]} O-O-O {[%emt 0:00:39]} 15. Rb1 {[%emt 0:07:34]} Rde8 {[%emt 0:00:35]} 16. Qf1 {[%emt 0:00:34]} Nd5 {[%emt 0:01:28]} 17. Re2 {[%emt 0:03:48]} h5 {[%emt 0:00:26]} 18. Bd2 {[%emt 0:03:11]} h4 {[%emt 0:00:08]} 19. Nh1 {[%emt 0:00:13]} Rxe2 {[%emt 0:00:21]} 20. Qxe2 {[%emt 0:00:14]} Nf6 {[%emt 0:00:26]} 21. Re1 {[%emt 0:07:29]} h3 {[%emt 0:00:40]} 22. Qe6 {[%emt 0:02:29]} hxg2 {[%emt 0:00:44]} 23. Kxg2 {[%emt 0:01:02]} Ng4 {[%emt 0:00:33]} 24. h3 {[%emt 0:01:34]} Bxf3+ {[%emt 0:00:31]} 25. Kxf3 {[%emt 0:00:58]} Rxh3+ {[%emt 0:00:11]} 26. Kg2 {[%emt 0:02:27]} Rh2+ {[%emt 0:00:10]} 27. Kg1 {[%emt 0:00:32]} Rxd2 {[%emt 0:00:34]} 28. Qd5 {[%emt 0:03:07]} Kc7 {[%emt 0:02:39]} 0-1

[Event "14th Vandoeuvre Open 2018"]
[Site "?"]
[Date "2018.01.03"]
[Round "4"]
[White "Comte, Elise"]
[Black "Steininger, Denis"]
[Result "1-0"]
[WhiteElo "1722"]
[BlackElo "1957"]
[PlyCount "83"]
[EventDate "2018.??.??"]
[EventType "swiss"]
[EventCountry "FRA"]
[SourceTitle "Vandoeuvre"]
[TimeControl "5400+30"]
[WhiteClock "1:13:40"]
[BlackClock "0:16:02"]

1. d4 {[%emt 0:00:00]} f5 {[%emt 0:00:00]} 2. Nf3 {[%emt 0:00:18]} h6 {[%emt 0:00:00]} 3. e3 {[%emt 0:01:50]} Nf6 {[%emt 0:00:00]} 4. Bd3 {[%emt 0:02:56]} e6 {[%emt 0:00:14]} 5. Nbd2 {[%emt 0:02:26]} d5 {[%emt 0:00:12]} 6. Ne5 {[%emt 0:03:10]} Bd6 {[%emt 0:00:06]} 7. f4 {[%emt 0:01:20]} g5 {[%emt 0:01:53]} 8. Be2 {[%emt 0:04:37]} Bxe5 {[%emt 0:00:58]} 9. fxe5 {[%emt 0:03:20]} Ne4 {[%emt 0:00:08]} 10. Bb5+ {[%emt 0:02:34]} c6 {[%emt 0:00:35]} 11. Qh5+ {[%emt 0:00:20]} Kf8 {[%emt 0:00:11]} 12. Nxe4 {[%emt 0:01:34]} dxe4 {[%emt 0:00:13]} 13. Bc4 {[%emt 0:01:12]} Bd7 {[%emt 0:00:27]} 14. Qg6 {[%emt 0:04:46]} Qe7 {[%emt 0:00:14]} 15. O-O {[%emt 0:01:04]} Qg7 {[%emt 0:00:41]} 16. Qh5 {[%emt 0:06:21]} g4 {[%emt 0:00:10]} 17. b3 {[%emt 0:03:21]} Qe7 {[%emt 0:00:44]} 18. Qxg4 {[%emt 0:01:10]} Ke8 {[%emt 0:00:11]} 19. Qg6+ {[%emt 0:04:10]} Kd8 {[%emt 0:00:01]} 20. a4 {[%emt 0:01:10]} b5 {[%emt 0:00:03]} 21. Ba3 {[%emt 0:01:46]} Qe8 {[%emt 0:00:14]} 22. Qf6+ {[%emt 0:02:30]} Kc8 {[%emt 0:00:05]} 23. axb5 {[%emt 0:01:06]} cxb5 {[%emt 0:00:07]} 24. Be2 {[%emt 0:02:25]} Rh7 {[%emt 0:00:14]} 25. c4 {[%emt 0:02:52]} a6 {[%emt 0:00:06]} 26. Bd6 {[%emt 0:01:16]} Kb7 {[%emt 0:00:51]} 27. Rfc1 {[%emt 0:03:02]} Bc6 {[%emt 0:00:33]} 28. Qh4 {[%emt 0:05:19]} Nd7 {[%emt 0:00:58]} 29. Qe1 {[%emt 0:01:01]} Nb6 {[%emt 0:00:49]} 30. Qc3 {[%emt 0:04:06]} Rg7 {[%emt 0:02:07]} 31. cxb5 {[%emt 0:04:57]} axb5 {[%emt 0:02:49]} 32. Rxa8 {[%emt 0:02:18]} Nxa8 {[%emt 0:00:07]} 33. Ra1 {[%emt 0:00:49]} Nb6 {[%emt 0:00:38]} 34. Bc5 {[%emt 0:01:02]} Nc8 {[%emt 0:03:08]} 35. Qa5 {[%emt 0:01:42]} Qg6 {[%emt 0:03:24]} 36. Bf1 {[%emt 0:05:06]} f4 {[%emt 0:02:12]} 37. Qa8+ {[%emt 0:02:18]} Kc7 {[%emt 0:00:29]} 38. Bd6+ {[%emt 0:01:38]} Kd7 {[%emt 0:04:22]} 39. Ra7+ {[%emt 0:01:19]} Nxa7 {[%emt 0:00:15]} 40. Qxa7+ {[%emt 0:00:04]} Ke8 {[%emt 0:00:14]} 41. Qb8+ {[%emt 0:00:26]} Kf7 {[%emt 0:06:07]} 42. Qf8# {[%emt 0:00:17]} 1-0

[Event "14th Vandoeuvre Open 2018"]
[Site "?"]
[Date "2018.01.03"]
[Round "4"]
[White "Grothe, Franz"]
[Black "Pillard, Valentin"]
[Result "0-1"]
[WhiteElo "1637"]
[BlackElo "1967"]
[PlyCount "84"]
[EventDate "2018.??.??"]
[EventType "swiss"]
[EventCountry "FRA"]
[SourceTitle "Vandoeuvre"]
[TimeControl "5400+30"]
[WhiteClock "0:03:33"]
[BlackClock "0:00:53"]

1. e4 {[%emt 0:00:00]} c5 {[%emt 0:00:00]} 2. Nc3 {[%emt 0:00:00]} Nc6 {[%emt 0:00:00]} 3. f4 {[%emt 0:00:00]} g6 {[%emt 0:00:09]} 4. Nf3 {[%emt 0:00:00]} Bg7 {[%emt 0:00:04]} 5. Bb5 {[%emt 0:00:00]} Nd4 {[%emt 0:01:24]} 6. O-O {[%emt 0:00:03]} Nxb5 {[%emt 0:00:46]} 7. Nxb5 {[%emt 0:00:07]} d6 8. d3 {[%emt 0:01:44]} a6 {[%emt 0:08:34]} 9. Nc3 {[%emt 0:00:08]} b5 {[%emt 0:00:07]} 10. Qe1 {[%emt 0:11:08]} b4 {[%emt 0:08:59]} 11. Ne2 {[%emt 0:02:51]} Nf6 {[%emt 0:09:04]} 12. Qh4 {[%emt 0:11:36]} c4 {[%emt 0:07:14]} 13. Be3 {[%emt 0:03:38]} Qa5 {[%emt 0:12:19]} 14. Bd4 {[%emt 0:10:25]} cxd3 {[%emt 0:07:53]} 15. cxd3 {[%emt 0:02:11]} O-O {[%emt 0:00:36]} 16. h3 {[%emt 0:18:21]} Qh5 {[%emt 0:01:23]} 17. Qe1 {[%emt 0:01:35]} a5 {[%emt 0:04:08]} 18. f5 {[%emt 0:03:40]} gxf5 {[%emt 0:18:57]} 19. Ng3 {[%emt 0:00:52]} Qh6 {[%emt 0:00:01]} 20. Nxf5 {[%emt 0:07:46]} Bxf5 {[%emt 0:00:08]} 21. exf5 {[%emt 0:00:13]} Nd5 {[%emt 0:00:11]} 22. Qe4 {[%emt 0:03:06]} Bxd4+ {[%emt 0:01:05]} 23. Nxd4 {[%emt 0:00:24]} Qe3+ {[%emt 0:00:46]} 24. Kh1 {[%emt 0:02:19]} Qxe4 {[%emt 0:00:26]} 25. dxe4 {[%emt 0:00:11]} Nf6 {[%emt 0:00:17]} 26. Rfe1 {[%emt 0:01:04]} Rfc8 {[%emt 0:04:10]} 27. e5 {[%emt 0:00:29]} dxe5 {[%emt 0:00:16]} 28. Rxe5 {[%emt 0:00:13]} Rc4 {[%emt 0:00:10]} 29. Nb3 {[%emt 0:07:24]} a4 {[%emt 0:01:14]} 30. Rc5 {[%emt 0:03:13]} Rf4 {[%emt 0:02:08]} 31. Nd2 {[%emt 0:02:20]} Rf2 {[%emt 0:01:24]} 32. Nc4 {[%emt 0:00:13]} a3 {[%emt 0:04:03]} 33. bxa3 {[%emt 0:01:36]} bxa3 {[%emt 0:00:08]} 34. Ra5 {[%emt 0:01:52]} Rxa5 {[%emt 0:01:33]} 35. Nxa5 {[%emt 0:00:05]} Rc2 {[%emt 0:00:08]} 36. Nb3 {[%emt 0:01:17]} Ne4 {[%emt 0:00:52]} 37. Nd4 {[%emt 0:01:32]} Rb2 {[%emt 0:00:28]} 38. Re1 {[%emt 0:04:12]} Nc3 {[%emt 0:03:20]} 39. Re3 {[%emt 0:00:23]} Nb1 {[%emt 0:01:05]} 40. Re1 {[%emt 0:00:51]} Nd2 {[%emt 0:00:27]} 41. Re2 {[%emt 0:00:35]} Rb1+ {[%emt 0:01:00]} 42. Kh2 Nf1+ 0-1

[Event "14th Vandoeuvre Open 2018"]
[Site "?"]
[Date "2018.01.03"]
[Round "4"]
[White "Jeanclaude, Bruno"]
[Black "Rauta, Nicolas"]
[Result "0-1"]
[WhiteElo "1625"]
[BlackElo "1963"]
[PlyCount "58"]
[EventDate "2018.??.??"]
[EventType "swiss"]
[EventCountry "FRA"]
[SourceTitle "Vandoeuvre"]
[TimeControl "5400+30"]
[WhiteClock "0:47:52"]
[BlackClock "1:11:40"]

1. e4 {[%emt 0:00:00]} c6 {[%emt 0:00:00]} 2. d4 {[%emt 0:00:00]} d5 {[%emt 0:00:00]} 3. exd5 {[%emt 0:00:00]} cxd5 {[%emt 0:00:00]} 4. c4 {[%emt 0:00:00]} dxc4 {[%emt 0:00:00]} 5. Bxc4 {[%emt 0:00:06]} Nf6 {[%emt 0:00:01]} 6. Nc3 {[%emt 0:00:32]} e6 {[%emt 0:00:11]} 7. Nf3 {[%emt 0:00:28]} Be7 {[%emt 0:01:11]} 8. d5 {[%emt 0:02:36]} exd5 {[%emt 0:04:16]} 9. Nxd5 {[%emt 0:01:08]} Nxd5 {[%emt 0:06:27]} 10. Qxd5 {[%emt 0:01:29]} Qxd5 {[%emt 0:14:24]} 11. Bxd5 {[%emt 0:00:08]} Bb4+ {[%emt 0:00:15]} 12. Bd2 {[%emt 0:00:33]} Bxd2+ {[%emt 0:00:31]} 13. Nxd2 {[%emt 0:07:45]} O-O {[%emt 0:02:00]} 14. O-O {[%emt 0:02:36]} Rd8 {[%emt 0:08:44]} 15. Rfe1 {[%emt 0:04:32]} Kf8 {[%emt 0:00:46]} 16. Rac1 {[%emt 0:02:07]} Na6 {[%emt 0:00:26]} 17. Rxc8 {[%emt 0:03:09]} Raxc8 {[%emt 0:01:19]} 18. Bxb7 {[%emt 0:01:02]} Rc2 {[%emt 0:00:39]} 19. Bxa6 {[%emt 0:00:33]} Rdxd2 {[%emt 0:06:48]} 20. Bb5 {[%emt 0:00:57]} g6 {[%emt 0:00:39]} 21. h4 {[%emt 0:01:26]} Rxf2 {[%emt 0:00:51]} 22. h5 {[%emt 0:00:11]} Rxg2+ {[%emt 0:00:31]} 23. Kh1 {[%emt 0:00:06]} Rh2+ {[%emt 0:00:09]} 24. Kg1 {[%emt 0:00:04]} Rxh5 {[%emt 0:03:21]} 25. a4 {[%emt 0:00:47]} Rxb2 {[%emt 0:01:06]} 26. Re8+ {[%emt 0:00:14]} Kg7 {[%emt 0:00:15]} 27. Re7 {[%emt 0:00:05]} Rhxb5 {[%emt 0:01:33]} 28. axb5 {[%emt 0:00:11]} Rxb5 {[%emt 0:00:04]} 29. Rxa7 {[%emt 0:00:05]} Rb2 {[%emt 0:00:11]} 0-1

[Event "14th Vandoeuvre Open 2018"]
[Site "?"]
[Date "2018.01.04"]
[Round "5"]
[White "Turov, Maxim"]
[Black "Mu, Ke"]
[Result "1-0"]
[WhiteElo "2614"]
[BlackElo "2436"]
[Annotator "TA"]
[PlyCount "61"]
[EventDate "2018.??.??"]
[EventType "swiss"]
[EventCountry "FRA"]
[SourceTitle "Vandoeuvre"]

{[%evp 18,61,14,27,31,39,46,48,30,24,6,15,35,29,38,29,44,46,51,52,108,52,156,123,124,85,85,102,103,96,96,102,104,22,16,17,88,93,693,682,949,950,5714,5414,29991,29992]} 1. Nf3 Nf6 2. g3 g6 3. Bg2 Bg7 4. O-O O-O 5. d4 d5 6. c4 c6 7. Qb3 a5 8. cxd5 {D78: Fianchetto Grünfeld: 6 0-0 c6} a4 9. Qd1 cxd5 10. Nc3 {LiveBook: 22 Games. The position is equal.} Nc6 $146 ({Predecessor:} 10... Ne4 11. Nd2 Nxc3 12. bxc3 Qa5 13. Ba3 Qxc3 14. Bxe7 Qxd4 15. Rc1 Re8 {½-½ (32) Li,C (2720)-Ding,L (2760) Sharjah 2017}) 11. Nxa4 Ne4 12. Nc3 Bf5 13. e3 Nxc3 14. bxc3 Qa5 15. Nh4 Be6 16. Bd2 Qa6 17. f4 Qc4 18. f5 gxf5 (18... Bd7 $14) 19. Qb1 ({Better is} 19. a4 $16) 19... Ra5 ({Black should play} 19... Na5 $14) 20. Nxf5 Rfa8 {[%cal Ra5a2]} 21. Nxg7 (21. Qxb7 R8a7 $14) 21... Kxg7 22. e4 (22. Qxb7 $6 Rb8 $11) 22... Rxa2 23. Rxa2 Rxa2 24. Rf2 dxe4 25. Bf1 ({Of course not} 25. Bxe4 Nxd4 26. cxd4 Qxd4 $14) (25. Qxe4 $16 {And now Qh4 would win.} Ra1+ 26. Rf1) 25... Qb3 $11 26. Qxe4 {Strongly threatening c4.} Qd1 (26... Ra1 $1 $11 {remains equal.}) 27. Qd3 $36 {[%mdl 2048] White has strong initiative.} Kg8 $2 {[%mdl 8192]} (27... Ra1 $16) 28. d5 $18 {[%cal Bd4d5,Bd5e6,Be6f7][%mdl 32]} Ne5 {[#]} 29. dxe6 $1 {[%mdl 512]} Rxd2 (29... fxe6 30. Qd8+) 30. exf7+ ({Weaker is} 30. Rxd2 Qxd2 31. exf7+ (31. Qxd2 Nf3+ 32. Kf2 Nxd2 $16) 31... Kf8 $16) 30... Kf8 31. Qxh7 {Precision: White = 58%, Black = 34%.} 1-0

[Event "14th Vandoeuvre Open 2018"]
[Site "?"]
[Date "2018.01.04"]
[Round "5"]
[White "Kryakvin, Dmitry"]
[Black "Fedorchuk, Sergey A"]
[Result "0-1"]
[WhiteElo "2580"]
[BlackElo "2638"]
[Annotator "TA RC"]
[PlyCount "102"]
[EventDate "2018.??.??"]
[EventType "swiss"]
[EventCountry "FRA"]
[SourceTitle "Vandoeuvre"]

{[%evp 9,102,25,26,0,0,-10,17,22,22,31,35,24,36,14,19,3,11,-13,-14,-18,-12,-50,-29,-63,-71,-81,-75,-91,-72,-125,-128,-124,-126,-137,-120,-120,-122,-143,-128,-111,-115,-109,-100,-100,-106,-142,-127,-179,-159,-160,-160,-164,-148,-174,-171,-278,-275,-280,-272,-272,-274,-272,-263,-271,-270,-322,-302,-388,-291,-397,-373,-455,-462,-482,-472,-447,-412,-395,-373,-352,-373,-475,-370,-495,-481,-851,-817,-902,-877,-1735,-1664,-1548,-1487,-1662,-1632]} 1. d4 Nf6 2. Bg5 e6 {[#]} 3. e4 $1 {[%mdl 512]} h6 (3... Nxe4 4. Bxd8) 4. Bxf6 Qxf6 5. c3 d6 6. Bc4 {A45: Trompowsky Attack} (6. Bd3 g6 7. Ne2 Bg7 8. O-O O-O 9. f4 Qe7 10. e5 b6 11. Nd2 Bb7 12. Be4 Bxe4 13. Nxe4 Rd8 14. Qe1 {0-1 (62) Moiseenko,A (2667)-Wang,Y (2690) Riadh 2017}) 6... Qg6 7. Qf3 e5 8. Ne2 {The position is equal.} Nd7 $146 ({Predecessor:} 8... Be7 9. O-O O-O 10. Nd2 Nc6 11. Qd3 Kh8 12. Ng3 Bf6 13. Ne2 {½-½ (38) Raeva,E (2258)-Drenchev,P (2426) Sofia 2008}) 9. O-O Nf6 10. Nd2 {[%cal Bb1d2,Bd2c4,Bc4e3][%mdl 32]} Be7 11. Ng3 O-O 12. Bd3 Re8 13. Nc4 Qg5 14. dxe5 dxe5 15. Ne3 Bc5 16. Rfe1 a5 17. a4 Be6 18. Qe2 Rad8 19. Rad1 (19. b4 $142 axb4 20. cxb4 Bxb4 21. Reb1) 19... Bxe3 $17 20. Qxe3 Bb3 {And now ...Qxe3 would win.} 21. Ra1 Qxe3 22. Rxe3 Nd7 23. Ne2 Nc5 24. Nc1 Bxa4 25. Be2 Bc6 26. Rxa5 b6 27. Ra3 Rd2 {Threatens to win with ...Red8.} 28. b4 (28. f3 $17 {was necessary.}) 28... Rc2 29. Ra1 {[#]} Ra8 $1 {[%cal Ra8a1]} 30. Rb1 {[#]} Na4 $1 {[%cal Ra4c3]} ({Don't play} 30... Nxe4 31. Bd3 $17) ({Don't do} 30... Bxe4 31. bxc5 Rxe2 32. Nxe2 $15) 31. Bd1 Rxc3 $40 {[%mdl 128] Black attacks with force.} 32. Nd3 {[#]} (32. Re1 $142) 32... Rxd3 $1 $19 {[%mdl 512]} 33. Rxd3 {Black must now prevent Ra3.} Bxe4 34. Bc2 Bxd3 35. Bxd3 {[%mdl 4096] Endgame KRB-KRN} Nc3 36. Rc1 Ra3 37. Bc4 Kf8 38. Kf1 Ke7 39. Ke1 b5 40. Bd3 {Now Kd2 and White clings on.} c6 41. Kd2 Nd5 42. Be4 Kd6 43. Bxd5 Kxd5 {KR-KR} ({Less strong is} 43... cxd5 44. Rc5 $19) 44. Rd1 e4 45. Ke2+ Rd3 {Hoping for ...Rxd1.} 46. Ra1 Kc4 {Black is clearly winning.} 47. Ra7 (47. Rc1+ $142 Rc3 48. Ra1) 47... Kxb4 48. Rxf7 c5 {[%cal Bc6c5,Bc5c4][%mdl 32]} 49. Rxg7 c4 50. Re7 Rd6 51. Rxe4 Kb3 {Precision: White = 32%, Black = 90%.} 0-1

[Event "14th Vandoeuvre Open 2018"]
[Site "?"]
[Date "2018.01.04"]
[Round "5"]
[White "Lin, Chen"]
[Black "Migot, Tangi"]
[Result "1-0"]
[WhiteElo "2485"]
[BlackElo "2379"]
[Annotator "TA"]
[PlyCount "75"]
[EventDate "2018.??.??"]
[EventType "swiss"]
[EventCountry "FRA"]
[SourceTitle "Vandoeuvre"]

{[%evp 18,75,13,0,24,1,9,0,30,30,53,31,38,30,30,30,30,30,31,30,39,31,35,31,32,17,27,41,37,33,39,56,102,0,0,0,0,0,0,0,0,0,0,0,356,355,327,164,297,263,12843,12843,29990,29991,29991,29992,29992,29993,29993,29994]} 1. e4 c5 2. Nf3 Nc6 3. Nc3 d6 4. d4 cxd4 5. Nxd4 Nf6 6. g3 g6 7. Bg2 Nxd4 8. Qxd4 Bg7 9. O-O O-O 10. Qd3 Rb8 {B70: Sicilian Dragon: 6 g3 and 6 Be2 (without a later Be3)} (10... Be6 11. Nd5 Rc8 12. c3 a6 13. Re1 Nd7 14. a4 Ne5 15. Qd1 Re8 16. h3 Nc4 17. Kh2 Bd7 18. Re2 b5 19. axb5 Bxb5 {½-½ (74) Karjakin,S (2781)-Topalov,V (2749) Paris 2017}) 11. Re1 b6 12. Nd5 $146 ({Predecessor:} 12. h3 Bb7 13. Nd5 Nd7 14. c3 h6 15. Be3 Re8 16. Rad1 a6 17. Qc2 b5 18. Re2 a5 19. a4 Bc6 20. axb5 Bxb5 21. Ree1 Bc4 {½-½ (21) Shevelev,A (2295)-Gamback,B (2109) Katerini 2014}) 12... Bb7 {The position is equal.} 13. Bg5 e6 14. Nxf6+ (14. Nc3 {keeps more tension.} Qd7 15. Rad1 Ne8 16. Qd2 Rc8 17. Bh6) 14... Bxf6 15. Bxf6 Qxf6 16. c3 Rfd8 17. Rad1 Qe5 18. h4 Rbc8 19. Qe3 Qc5 20. Qf4 Kg7 21. Rd3 Rd7 22. Red1 {[%cal Rd3d6]} Rcd8 23. b4 Qc6 24. h5 {Black must now prevent h6+.} f5 25. b5 ({White should play} 25. hxg6 $16 hxg6 26. g4 fxe4 27. Rh3) 25... Qxb5 $11 26. Rxd6 Rxd6 27. Rxd6 e5 $1 {[%cal Re5f4]} 28. Qd2 Rxd6 29. h6+ Kf7 $1 30. Qxd6 {Threatens to win with Qc7+.} Qc5 $2 {[%mdl 8192] [#]} (30... Bxe4 $11 {and Black is okay.} 31. Qc7+ Kf6) 31. Qb8 $1 $18 {[%cal Rb8h8]} Bxe4 {[#]} 32. Qxa7+ (32. Qh8 $142 $1 {[%cal Rh8h7]} Qf8 33. Qxh7+ Kf6 34. Qxa7) 32... Kf6 (32... Qe7 $142 33. Qxb6 Qd7) 33. Qxh7 Qd6 $2 (33... Qf8 34. Qc7 Qxh6 35. Qxb6+ Kf7 36. Qc7+ Ke6 37. Qb6+ Kf7 38. Qc7+ Ke6 39. Qb6+ Kf7) 34. Qg7+ Kg5 35. h7 {White mates.} Qd1+ 36. Bf1 Bd3 {[#]} 37. Qh6+ $1 {[%mdl 512]} Kg4 (37... Kxh6 38. h8=Q+) 38. Qh3+ {Precision: White = 71%, Black = 35%.} 1-0